Largest State Containing Each Letter - Statistics

General Stats
  • This quiz has been taken 115 times
  • The average score is 22 of 25
Answer Stats
Letter State Size Ranking % Correct
C California 3
99%
F California 3
99%
I California 3
99%
N California 3
99%
O California 3
99%
R California 3
99%
E Texas 2
99%
T Texas 2
99%
X Texas 2
99%
A Alaska 1
97%
K Alaska 1
97%
L Alaska 1
97%
S Alaska 1
97%
Z Arizona 6
91%
M Montana 4
90%
G Wyoming 9
90%
Y Wyoming 9
90%
U Utah 12
89%
W New Mexico 5
88%
D Nevada 7
84%
V Nevada 7
84%
J New Jersey 46
82%
H Idaho 11
72%
B Nebraska 15
66%
P Mississippi 31
47%
No matching quizzes found
Score Distribution
Percent of People with Each Score
Percentile by Number Answered
Your Score History
You have not taken this quiz